00693nam a2200241 a 4500001001300000003000900013005001700022008004100039020001000080082001600090100002600106245001600132260004000148300000900188500003500197505002700232650002200259700002600281902000800307942000700315952011600322999001300438nice12345678IN_TiNIC20260116011341.0050524s0000 laha grp 000 0 urd  ac10000a297.8bPAR2 aParvez, Ghulam Parwez aBahar-E-Nao aLahorebIdara-E-Tuloo-E-Islamc0000 a384p aincludes index and biblioraphy2 aAppendix, Bibliography aIslam-Sects-Sunni1 aParvez, Ghulam Parwez bSRS cBK 001040708StackRoom-aHMIbHMId2007-06-26g100.00l0o297.8 PAR2p03356r2007-06-26v100.00w2005-05-24yBK c757d757